Britannica’s Encyclopedia Infographica / (Record no. 209717)
[ view plain ]
| 000 -LEADER | |
|---|---|
| fixed length control field | 00868nam a22002057a 4500 |
| 005 - DATE AND TIME OF LATEST TRANSACTION | |
| control field | 20250911125539.0 |
| 010 ## - LCCN (DPL NO) | |
| LC control number | B-774944-959 20BACCHEN25 |
| 020 ## - INTERNATIONAL STANDARD BOOK NUMBER | |
| International Standard Book Number | 9789359541952 |
| Terms of availability | 1199.00 |
| 035 ## - SYSTEM CONTROL NUMBER | |
| System control number | B-774944-959 |
| 037 ## - SOURCE OF ACQUISITION | |
| Source of stock number/acquisition | Scholastic |
| 082 ## - DEWEY DECIMAL CLASSIFICATION NUMBER | |
| Classification number | 520 |
| 100 ## - MAIN ENTRY--PERSONAL NAME | |
| Personal name | D’Efilippo ,Valentina |
| 245 ## - TITLE STATEMENT | |
| Title | Britannica’s Encyclopedia Infographica / |
| Statement of responsibility, etc | By Valentina D’Efilippo, Andrew Pettie [nd] Conrad Quilty-Harper |
| 260 ## - PUBLICATION, DISTRIBUTION, ETC. (IMPRINT) | |
| Name of publisher, distributor, etc | Scholastic |
| Date of publication, distribution, etc | 2024 |
| 300 ## - PHYSICAL DESCRIPTION | |
| Extent | 325p. |
| Dimensions | 25cm(Hb) |
| 700 ## - ADDED ENTRY--PERSONAL NAME | |
| Personal name | Pettie ,Andrew |
| 9 (RLIN) | 78649 |
| 700 ## - ADDED ENTRY--PERSONAL NAME | |
| Personal name | Conrad Quilty-Harper |
| 9 (RLIN) | 78650 |
| 942 ## - ADDED ENTRY ELEMENTS (KOHA) | |
| Source of classification or shelving scheme | Dewey Decimal Classification |
| Item type | Children Books |
| Classification part | 520 |
| Call number suffix | DEF |
| Withdrawn status | Lost status | Not for loan | Collection code | Home library | Current library | Date acquired | Source of acquisition | Cost, normal purchase price | Full call number | Barcode | Copy number | Cost, replacement price | Koha item type |
|---|---|---|---|---|---|---|---|---|---|---|---|---|---|
| Non-fiction | Ashok Vihar | Ashok Vihar | 11/09/2025 | Scholastic/LB-Q-00406HQ/27.3.25/209/21.3.25/27.3.25 | 1199.00 | 520 DEF | B-774949 | 1 | 1199.00 | Children Books | |||
| Non-fiction | Bagh Kadhe Khan | Bagh Kadhe Khan | 11/09/2025 | Scholastic/LB-Q-00406HQ/27.3.25/209/21.3.25/27.3.25 | 1199.00 | 520 DEF | B-774955 | 1 | 1199.00 | Children Books | |||
| Not For Loan | Reference | Bawana | Bawana | 11/09/2025 | Scholastic/LB-Q-00406HQ/27.3.25/209/21.3.25/27.3.25 | 1199.00 | 520 DEF | B-774957 | 1 | 1199.00 | Children Books | ||
| Non-fiction | Central Library | Central Library | 11/09/2025 | Scholastic/LB-Q-00406HQ/27.3.25/209/21.3.25/27.3.25 | 1199.00 | 520 DEF | B-774944 | 1 | 1199.00 | Children Books | |||
| Not For Loan | Reference | Central Library | Central Library | 11/09/2025 | Scholastic/LB-Q-00406HQ/27.3.25/209/21.3.25/27.3.25 | 1199.00 | 520 DEF | B-774945 | 1 | 1199.00 | Children Books | ||
| Not For Loan | Reference | Janak Puri | Janak Puri | 11/09/2025 | Scholastic/LB-Q-00406HQ/27.3.25/209/21.3.25/27.3.25 | 1199.00 | 520 DEF | B-774951 | 1 | 1199.00 | Children Books | ||
| Non-fiction | Mobile Library | Mobile Library | 11/09/2025 | Scholastic/LB-Q-00406HQ/27.3.25/209/21.3.25/27.3.25 | 1199.00 | 520 DEF | B-774946 | 2 | 1199.00 | Children Books | |||
| Non-fiction | Mobile Library | Mobile Library | 11/09/2025 | Scholastic/LB-Q-00406HQ/27.3.25/209/21.3.25/27.3.25 | 1199.00 | 520 DEF | B-774947 | 2 | 1199.00 | Children Books | |||
| Not For Loan | Reference | Narela | Narela | 11/09/2025 | Scholastic/LB-Q-00406HQ/27.3.25/209/21.3.25/27.3.25 | 1199.00 | 520 DEF | B-774956 | 1 | 1199.00 | Children Books | ||
| Non-fiction | New Police Line | New Police Line | 11/09/2025 | Scholastic/LB-Q-00406HQ/27.3.25/209/21.3.25/27.3.25 | 1199.00 | 520 DEF | B-774948 | 1 | 1199.00 | Children Books | |||
| Non-fiction | New Rohtak Road | New Rohtak Road | 11/09/2025 | Scholastic/LB-Q-00406HQ/27.3.25/209/21.3.25/27.3.25 | 1199.00 | 520 DEF | B-774954 | 1 | 1199.00 | Children Books | |||
| Not For Loan | Reference | Patel Nagar | Patel Nagar | 11/09/2025 | Scholastic/LB-Q-00406HQ/27.3.25/209/21.3.25/27.3.25 | 1199.00 | 520 DEF | B-774950 | 1 | 1199.00 | Children Books | ||
| Non-fiction | RC3 Aruna Nagar | RC3 Aruna Nagar | 11/09/2025 | Scholastic/LB-Q-00406HQ/27.3.25/209/21.3.25/27.3.25 | 1199.00 | 520 DEF | B-774959 | 1 | 1199.00 | Children Books | |||
| Non-fiction | Sarojini Nagar | Sarojini Nagar | 11/09/2025 | Scholastic/LB-Q-00406HQ/27.3.25/209/21.3.25/27.3.25 | 1199.00 | 520 DEF | B-774952 | 1 | 1199.00 | Children Books | |||
| Non-fiction | Shahdara Branch | Shahdara Branch | 11/09/2025 | Scholastic/LB-Q-00406HQ/27.3.25/209/21.3.25/27.3.25 | 1199.00 | 520 DEF | B-774958 | 1 | 1199.00 | Children Books | |||
| Non-fiction | Vinoba Puri | Vinoba Puri | 11/09/2025 | Scholastic/LB-Q-00406HQ/27.3.25/209/21.3.25/27.3.25 | 1199.00 | 520 DEF | B-774953 | 1 | 1199.00 | Children Books |
